Investičný rating sa otvára pre viacero firiem

Riziko medzi hodnotením domácich a zahraničných záväzkov SR sa vyrovnalo. Ovplyvnil to nezvratný vstup kandidujúcich krajín do únie. Pokles kurzových rizík na minimum. Rating SR je však stále druhým najnižším (pred Litvou) spomedzi kandidátov o členstvo v EÚ. Rating bol vytvorený ešte pred voľbami.

Enregistré dans:
Détails bibliographiques
Auteur principal: Záborský, Ján
Format: Chapitre de livre
Langue:slovaque
Sujets:
Tags: Ajouter un tag
Pas de tags, Soyez le premier à ajouter un tag!

MARC

LEADER 00000naa a2200000 4500
001 r047127
005 20230921113719.1
041 0 |a slo 
044 |a SK 
245 1 0 |a Investičný rating sa otvára pre viacero firiem  |c Ján Záborský 
520 |a Riziko medzi hodnotením domácich a zahraničných záväzkov SR sa vyrovnalo. Ovplyvnil to nezvratný vstup kandidujúcich krajín do únie. Pokles kurzových rizík na minimum. Rating SR je však stále druhým najnižším (pred Litvou) spomedzi kandidátov o členstvo v EÚ. Rating bol vytvorený ešte pred voľbami. 
610 2 0 |a rating 
610 2 0 |a záväzky 
610 2 0 |a riziko 
610 2 0 |a integrácia ekonomická medzinárodná 
610 2 0 |a Slovensko 
610 2 0 |a Európska únia 
100 1 |a Záborský, Ján